000
00321nam a2200145Ia 4500
100
_a
Yizze/James P
942
_c
BK
654
_a
Precalculus
245
_a
Functional Approach to Precalculus
260
_b
Worth Publishers
_a
Newyork
_c
1970
082
_a
512.1
_b
YIZ
300
_a
552
546
_a
ENGLISH
999
_c
21507
_d
21507